Quick Pick: 10 Biggest African Cities Quiz Stats

Quiz Updated Jul 3, 2017

Challenge
Share
Tweet
Embed
Score 0/10 Timer 01:00
0 Plays Today
% Correct
Cairo
92.7%
Johannesburg
89.7%
Addis Ababa
80.7%
Lagos
77.8%
Kinshasa
64.7%
Alexandria
61.9%
Dar es Salaam
56.1%
Casablanca
52.7%
Abidjan
35.1%
Luanda
30.2%

Today's Daily Dose

You're not logged in!

Compare scores with friends on all Sporcle quizzes.
Sign Up with Email
OR
Log In

You Might Also Like...

Show Comments

Extras

Top Quizzes Today


Score Distribution

Your Account Isn't Verified!

In order to create a playlist on Sporcle, you need to verify the email address you used during registration. Go to your Sporcle Settings to finish the process.